000 00596cam a2200181 a 4500
020 _a0815166206
040 _cDLC
082 _a796 MOS 1996 A088 Or.
245 0 4 _aThe management of sport :
_bits foundation and application /
250 _a2nd ed
260 _aSt. Louis, Mo. :
_bMosby,
_cc1996
300 _axxi, 402 p. :
_bill. ;
_c25 cm
500 _a"With the endorsement of the National Association for Sport and Physical Education."
650 0 _aSports administration
700 1 _aParkhouse, Bonnie L
710 2 _aNational Association for Sport and Physical Education
942 _cEK
999 _c14126
_d14126